000 00479nam a2200181Ia 4500
008 240925s9999 xx 000 0 und d
020 _a9789386105080
082 _a658.3124 CRU
100 _aClutterbuck, David
245 0 _aMaking Coaching Work: creating a coaching culture
250 _aNA
260 _aNew Jersey:
_bWorld Scientfic
_c,2017.
300 _a634p.
_b0
_fOriginal
500 _aIncludes Index
600 _aManagement
650 _aManagement
942 _cBK
999 _c16608
_d16608